[Event "WCO 2016"]
[Site "?"]
[Date "2016.09.13"]
[Round "11"]
[Board "10"]
[WhiteID "9918264"]
[White "Tharushi T H D Niklesha"]
[BlackID "11000546"]
[Black "Pasipanodya Valentine"]
[Result "1-0"]
[BlackElo "1594"]
[WhiteElo "1584"]
[LiveChessVersion "1.4.8"]

1. d4 {[%clk 1:30:50]} Nf6 {[%clk 1:30:54]} 2. c4 {[%clk 1:31:14]} e6
{[%clk 1:31:22]} 3. Nf3 {[%clk 1:31:32]} d5 {[%clk 1:31:40]} 4. Nc3
{[%clk 1:31:48]} Be7 {[%clk 1:31:31]} 5. Bg5 {[%clk 1:32:11]} Nbd7
{[%clk 1:31:39]} 6. cxd5 {[%clk 1:32:29]} exd5 {[%clk 1:31:44]} 7. e3
{[%clk 1:32:51]} O-O {[%clk 1:31:58]} 8. Bd3 {[%clk 1:33:12]} c6 {[%clk 1:32:03]}
9. Qc2 {[%clk 1:33:33]} h6 {[%clk 1:31:55]} 10. Bf4 {[%clk 1:33:31]} Nh5
{[%clk 1:31:32]} 11. Bg3 {[%clk 1:33:46]} Nxg3 {[%clk 1:25:38]} 12. hxg3
{[%clk 1:34:09]} Bb4 13. O-O-O Bxc3 {[%clk 1:17:32]} 14. Qxc3 {[%clk 1:34:31]} a5
{[%clk 1:17:49]} 15. Qc2 {[%clk 1:32:34]} Re8 {[%clk 1:15:57]} 16. g4
{[%clk 1:13:22]} Kf8 {[%clk 1:02:12]} 17. Bf5 {[%clk 1:09:43]} Nb6
{[%clk 0:53:53]} 18. g5 {[%clk 1:05:29]} Bxf5 {[%clk 0:44:53]} 19. Qxf5
{[%clk 1:05:38]} hxg5 {[%clk 0:44:47]} 20. Nxg5 {[%clk 1:05:30]} Qd7
{[%clk 0:42:26]} 21. Rh8+ {[%clk 1:05:43]} Ke7 {[%clk 0:42:21]} 22. Qxf7+
{[%clk 1:05:20]} Kd6 {[%clk 0:41:08]} 23. Qf4+ {[%clk 1:00:50]} Ke7
{[%clk 0:39:48]} 24. Qe5+ {[%clk 0:57:41]} Kd8 {[%clk 0:38:54]} 25. Rxe8+
{[%clk 0:55:11]} Qxe8 {[%clk 0:39:12]} 26. Ne6+ {[%clk 0:55:36]} Kd7
{[%clk 0:39:00]} 27. Nc5+ {[%clk 0:56:04]} Kd8 {[%clk 0:38:22]} 28. Nxb7+
{[%clk 0:56:21]} Kd7 {[%clk 0:38:38]} 29. Qxg7+ {[%clk 0:56:29]} Qe7
{[%clk 0:38:49]} 30. Nc5+ {[%clk 0:56:43]} Kd8 {[%clk 0:38:41]} 31. Qg6
{[%clk 0:54:59]} Qe8 {[%clk 0:30:46]} 32. Qd6+ {[%clk 0:54:36]} Kc8
{[%clk 0:30:53]} 33. Ne6 {[%clk 0:52:01]} Qd7 {[%clk 0:30:40]} 34. Qf8+ 1-0

[Event "WCO 2016"]
[Site "?"]
[Date "2016.09.13"]
[Round "11"]
[Board "11"]
[WhiteID "11001178"]
[White "Nomalungelo Mathe"]
[BlackID "9906738"]
[Black "Wickramasinghe Dilhara Ishini"]
[Result "0-1"]
[BlackElo "1750"]
[WhiteElo "1574"]
[LiveChessVersion "1.4.8"]

1. e4 {[%clk 1:30:57]} c5 {[%clk 1:30:28]} 2. Nf3 {[%clk 1:31:20]} d6
{[%clk 1:30:52]} 3. d4 {[%clk 1:30:56]} cxd4 {[%clk 1:31:15]} 4. Nxd4
{[%clk 1:31:20]} Nf6 {[%clk 1:31:41]} 5. Nc3 {[%clk 1:31:36]} g6 {[%clk 1:32:05]}
6. Be3 {[%clk 1:31:36]} Bg7 {[%clk 1:32:28]} 7. Be2 {[%clk 1:31:53]} O-O
{[%clk 1:32:33]} 8. Qd2 {[%clk 1:32:06]} Nc6 {[%clk 1:31:17]} 9. Nb3
{[%clk 1:30:42]} Ng4 {[%clk 1:27:49]} 10. Bxg4 {[%clk 1:28:47]} Bxg4
{[%clk 1:28:12]} 11. Bh6 {[%clk 1:26:28]} Ne5 {[%clk 1:23:03]} 12. Bxg7
{[%clk 1:20:48]} Kxg7 {[%clk 1:23:27]} 13. Ne2 {[%clk 1:15:00]} Kg8
{[%clk 1:16:40]} 14. c3 {[%clk 1:10:35]} Bf3 {[%clk 1:15:30]} 15. O-O
{[%clk 1:04:17]} Bxe4 {[%clk 1:15:10]} 16. Ng3 {[%clk 1:04:18]} Bc6
{[%clk 1:12:03]} 17. Rfe1 {[%clk 1:03:18]} Qc7 {[%clk 0:45:18]} 18. Nd4
{[%clk 1:02:15]} Rad8 {[%clk 0:19:20]} 19. Rad1 {[%clk 1:01:26]} e6
{[%clk 0:10:36]} 20. Qf4 {[%clk 0:52:22]} Qe7 {[%clk 0:09:22]} 21. Ne4
{[%clk 0:46:38]} Bxe4 {[%clk 0:08:46]} 22. Qxe4 {[%clk 0:46:09]} a6
{[%clk 0:02:55]} 23. h3 {[%clk 0:45:56]} Rc8 {[%clk 0:02:21]} 24. Re2
{[%clk 0:45:09]} Rc7 {[%clk 0:01:42]} 25. Qf4 {[%clk 0:43:57]} Nd7
{[%clk 0:01:06]} 26. Nf3 {[%clk 0:42:58]} e5 {[%clk 0:01:00]} 27. Qd2
{[%clk 0:43:21]} Rc6 {[%clk 0:01:03]} 28. Nd4 {[%clk 0:41:36]} Rb6
{[%clk 0:00:48]} 29. Nb3 {[%clk 0:41:34]} Rd8 {[%clk 0:00:44]} 30. Nc1
{[%clk 0:41:35]} Nc5 {[%clk 0:00:49]} 31. Qd5 {[%clk 0:39:37]} Ne6
{[%clk 0:00:45]} 32. Nd3 {[%clk 0:38:46]} Rb5 {[%clk 0:00:47]} 33. Qf3
{[%clk 0:37:53]} Ng5 {[%clk 0:00:44]} 34. Qe3 {[%clk 0:37:10]} Qf6
{[%clk 0:00:46]} 35. Nb4 {[%clk 0:36:39]} Ne6 {[%clk 0:00:34]} 36. Nd5
{[%clk 0:36:22]} Rxd5 {[%clk 0:00:39]} 37. Rxd5 {[%clk 0:36:36]} Nf4
{[%clk 0:01:02]} 38. Red2 {[%clk 0:36:52]} Nxd5 {[%clk 0:01:23]} 39. Rxd5
{[%clk 0:37:16]} Qe6 {[%clk 0:01:12]} 40. Qd2 {[%clk 1:06:39]} Qe7
{[%clk 0:31:13]} 41. a3 {[%clk 1:05:06]} Qe6 {[%clk 0:23:07]} 42. Kf1
{[%clk 1:04:29]} f5 {[%clk 0:22:53]} 43. b3 {[%clk 1:02:48]} e4 {[%clk 0:19:10]}
44. c4 {[%clk 1:02:29]} Qf6 {[%clk 0:11:58]} 45. Qd4 {[%clk 0:59:20]} Qxd4
{[%clk 0:12:02]} 46. Rxd4 {[%clk 0:59:49]} Kf7 {[%clk 0:12:10]} 47. Ke2
{[%clk 1:00:13]} Ke6 {[%clk 0:12:11]} 48. Ke3 {[%clk 1:00:31]} d5
{[%clk 0:10:55]} 49. Kf4 {[%clk 0:58:18]} h6 {[%clk 0:10:21]} 50. h4
{[%clk 0:57:16]} g5+ {[%clk 0:08:24]} 51. hxg5 {[%clk 0:54:28]} hxg5+
{[%clk 0:08:51]} 52. Kxg5 {[%clk 0:54:57]} Rg8+ {[%clk 0:09:05]} 53. Kf4
{[%clk 0:55:08]} dxc4 {[%clk 0:08:30]} 54. Rxc4 {[%clk 0:54:48]} Rxg2
{[%clk 0:08:06]} 55. Rc2 {[%clk 0:53:38]} Rg4+ {[%clk 0:07:11]} 56. Ke3
{[%clk 0:53:43]} Rh4 {[%clk 0:06:29]} 57. Kd4 {[%clk 0:54:07]} Rh3
{[%clk 0:06:13]} 58. Rb2 {[%clk 0:54:22]} Kd6 {[%clk 0:05:41]} 59. a4
{[%clk 0:54:37]} b5 {[%clk 0:05:46]} 60. axb5 {[%clk 0:54:52]} axb5
{[%clk 0:06:14]} 61. b4 {[%clk 0:55:21]} Rd3# {[%clk 0:06:29]} 0-1

[Event "WCO 2016"]
[Site "?"]
[Date "2016.09.13"]
[Round "11"]
[Board "13"]
[WhiteID "9301500"]
[White "Nouman Amna"]
[BlackID "8601844"]
[Black "Wang Chengjia"]
[Result "1/2-1/2"]
[BlackElo "2017"]
[WhiteElo "1983"]
[LiveChessVersion "1.4.8"]

1. e4 {[%clk 1:30:56]} c5 {[%clk 1:30:58]} 2. c3 {[%clk 1:31:08]} d5
{[%clk 1:31:19]} 3. exd5 {[%clk 1:31:33]} Qxd5 {[%clk 1:31:46]} 4. d4
{[%clk 1:31:57]} Nf6 {[%clk 1:31:58]} 5. Nf3 {[%clk 1:32:16]} Bg4
{[%clk 1:31:59]} 6. Be2 {[%clk 1:32:28]} e6 {[%clk 1:30:35]} 7. h3
{[%clk 1:30:47]} Bh5 {[%clk 1:28:14]} 8. O-O {[%clk 1:30:29]} Nc6
{[%clk 1:22:55]} 9. Be3 {[%clk 1:29:34]} cxd4 {[%clk 1:18:28]} 10. Nxd4
{[%clk 1:28:40]} Bxe2 {[%clk 1:17:38]} 11. Qxe2 {[%clk 1:28:01]} Nxd4
{[%clk 1:16:22]} 12. Bxd4 {[%clk 1:27:39]} Be7 {[%clk 1:16:08]} 13. Rd1
{[%clk 1:17:20]} Qf5 {[%clk 1:08:34]} 14. Nd2 {[%clk 1:13:49]} O-O
{[%clk 1:07:57]} 15. Nf3 {[%clk 1:04:08]} Nd5 {[%clk 1:04:42]} 16. c4
{[%clk 0:59:54]} Nb4 {[%clk 0:58:41]} 17. Rd2 {[%clk 0:57:42]} Rfd8
{[%clk 0:54:58]} 18. a3 {[%clk 0:40:11]} Nc6 {[%clk 0:54:33]} 19. Rad1
{[%clk 0:38:30]} Nxd4 {[%clk 0:49:22]} 20. Nxd4 {[%clk 0:38:13]} Qg6
{[%clk 0:40:11]} 21. Nf3 {[%clk 0:36:02]} Rxd2 {[%clk 0:38:16]} 22. Rxd2
{[%clk 0:34:56]} Bf6 {[%clk 0:37:49]} 23. g3 {[%clk 0:29:41]} h6 {[%clk 0:33:30]}
24. Kg2 {[%clk 0:28:39]} Rd8 {[%clk 0:27:44]} 25. Rxd8+ {[%clk 0:27:58]} Bxd8
{[%clk 0:28:10]} 26. Qd2 {[%clk 0:27:48]} Qf6 {[%clk 0:27:58]} 27. b4
{[%clk 0:23:11]} Qe7 {[%clk 0:26:31]} 28. c5 {[%clk 0:19:17]} Qc7
{[%clk 0:25:36]} 29. Ne5 {[%clk 0:14:30]} Bg5 {[%clk 0:18:58]} 30. Qd6
{[%clk 0:13:10]} Qxd6 {[%clk 0:12:52]} 31. cxd6 {[%clk 0:13:38]} Kf8
{[%clk 0:13:16]} 32. a4 {[%clk 0:12:04]} Bd8 {[%clk 0:11:41]} 33. f4
{[%clk 0:08:50]} Ke8 {[%clk 0:11:07]} 34. Kf3 {[%clk 0:08:42]} f6
{[%clk 0:08:39]} 35. Nc4 {[%clk 0:08:55]} Kd7 {[%clk 0:08:20]} 36. g4
{[%clk 0:08:52]} Bb6 {[%clk 0:05:43]} 37. Ke4 {[%clk 0:08:40]} Bf2
{[%clk 0:05:56]} 38. b5 {[%clk 0:04:31]} Bc5 {[%clk 0:04:08]} 39. Na5
{[%clk 0:04:24]} Kc8 {[%clk 0:00:32]} 40. d7+ {[%clk 0:34:28]} Kxd7
{[%clk 0:30:43]} 41. Nxb7 {[%clk 0:34:54]} Bb6 {[%clk 0:23:42]} 42. a5
{[%clk 0:34:37]} Kc7 {[%clk 0:23:35]} 43. a6 {[%clk 0:33:35]} g6 {[%clk 0:13:29]}
44. Kd3 {[%clk 0:30:04]} Kd7 {[%clk 0:11:01]} 45. Ke4 {[%clk 0:29:23]} Ke7
{[%clk 0:10:35]} 46. Kd3 {[%clk 0:29:18]} g5 {[%clk 0:09:26]} 47. f5
{[%clk 0:27:08]} exf5 {[%clk 0:07:47]} 48. gxf5 {[%clk 0:27:22]} h5
{[%clk 0:08:07]} 49. Ke4 {[%clk 0:27:33]} Kd7 {[%clk 0:08:12]} 50. Kd5
{[%clk 0:27:08]} h4 {[%clk 0:06:33]} 51. Nd6 {[%clk 0:24:39]} Bc7
{[%clk 0:04:23]} 1/2-1/2

[Event "WCO 2016"]
[Site "?"]
[Date "2016.09.13"]
[Round "11"]
[Board "14"]
[WhiteID "13204149"]
[White "Lee Seyeon"]
[BlackID "9303286"]
[Black "Jehad Aysha"]
[Result "1/2-1/2"]
[BlackElo "1668"]
[WhiteElo "1577"]
[LiveChessVersion "1.4.8"]

1. e4 {[%clk 1:30:38]} c5 {[%clk 1:30:53]} 2. Nf3 {[%clk 1:30:24]} e6
{[%clk 1:31:13]} 3. d4 {[%clk 1:29:48]} cxd4 {[%clk 1:31:37]} 4. Nxd4
{[%clk 1:30:05]} Nf6 {[%clk 1:32:02]} 5. Nc3 {[%clk 1:29:46]} Nc6
{[%clk 1:32:25]} 6. Nxc6 {[%clk 1:19:11]} bxc6 {[%clk 1:32:35]} 7. e5
{[%clk 1:17:16]} Nd5 {[%clk 1:32:49]} 8. Ne4 {[%clk 1:07:25]} Qc7
{[%clk 1:32:08]} 9. f4 {[%clk 1:03:41]} Qb6 {[%clk 1:32:00]} 10. Qf3
{[%clk 0:57:08]} Nb4 {[%clk 1:18:11]} 11. Bd3 {[%clk 0:49:23]} Ba6
{[%clk 1:06:52]} 12. Qe2 {[%clk 0:37:49]} Nxd3+ {[%clk 1:01:07]} 13. cxd3
{[%clk 0:37:05]} Qd4 {[%clk 0:59:15]} 14. Kd2 {[%clk 0:32:03]} Rb8
{[%clk 0:42:02]} 15. Rb1 {[%clk 0:28:06]} Rb4 {[%clk 0:30:51]} 16. Re1
{[%clk 0:22:02]} d5 {[%clk 0:22:13]} 17. exd6 {[%clk 0:18:13]} Bxd6
{[%clk 0:19:47]} 18. g3 {[%clk 0:15:57]} O-O {[%clk 0:12:18]} 19. Qe3
{[%clk 0:14:17]} Rd8 {[%clk 0:09:12]} 20. b3 {[%clk 0:10:01]} Bc7
{[%clk 0:06:03]} 21. Nf2 {[%clk 0:06:51]} Qxe3+ {[%clk 0:05:57]} 22. Kxe3
{[%clk 0:06:33]} Bb6+ {[%clk 0:06:20]} 23. Ke2 {[%clk 0:06:29]} Bxf2
{[%clk 0:06:01]} 24. Kxf2 {[%clk 0:06:55]} Bxd3 {[%clk 0:03:49]} 25. Rb2
{[%clk 0:06:41]} Rb7 {[%clk 0:01:10]} 26. Rd1 {[%clk 0:06:23]} Rd5
{[%clk 0:00:57]} 27. Be3 {[%clk 0:05:32]} Rbd7 {[%clk 0:00:57]} 28. Rbd2
{[%clk 0:03:50]} a6 {[%clk 0:00:56]} 29. Bb6 {[%clk 0:02:36]} Kf8
{[%clk 0:01:03]} 30. Ke3 {[%clk 0:02:35]} Bf5 {[%clk 0:00:38]} 31. Rxd5
{[%clk 0:02:21]} Rxd5 {[%clk 0:00:56]} 32. Rc1 {[%clk 0:01:52]} Rd3+
{[%clk 0:00:56]} 33. Ke2 {[%clk 0:02:01]} Rd7 {[%clk 0:00:36]} 34. Rxc6
{[%clk 0:01:33]} Ke8 {[%clk 0:00:36]} 35. Rc8+ {[%clk 0:01:20]} Ke7
{[%clk 0:01:03]} 36. Rc7 {[%clk 0:01:30]} Rxc7 {[%clk 0:00:39]} 37. Bxc7
{[%clk 0:01:56]} Kd7 {[%clk 0:00:52]} 38. Be5 {[%clk 0:01:39]} f6
{[%clk 0:00:40]} 39. Bc3 {[%clk 0:01:33]} Kc6 {[%clk 0:00:34]} 40. Ke3
{[%clk 0:31:22]} Kd5 {[%clk 0:30:36]} 41. Bd4 {[%clk 0:28:39]} e5
{[%clk 0:24:30]} 42. fxe5 {[%clk 0:25:46]} fxe5 {[%clk 0:24:45]} 43. Bb6
{[%clk 0:22:35]} 1/2-1/2

[Event "WCO 2016"]
[Site "?"]
[Date "2016.09.13"]
[Round "11"]
[Board "15"]
[WhiteID "9304843"]
[White "Bashaer Khalil"]
[BlackID "13203320"]
[Black "Park Sunwoo"]
[Result "0-1"]
[BlackElo "1626"]
[WhiteElo "1584"]
[LiveChessVersion "1.4.8"]

1. e4 {[%clk 1:30:57]} e5 {[%clk 1:30:53]} 2. Bc4 {[%clk 1:30:38]} Nc6
{[%clk 1:29:35]} 3. d3 {[%clk 1:29:53]} Nf6 {[%clk 1:27:51]} 4. Nc3
{[%clk 1:29:56]} Bb4 {[%clk 1:25:37]} 5. Bd2 {[%clk 1:27:40]} d6 {[%clk 1:22:37]}
6. a3 {[%clk 1:18:04]} Ba5 {[%clk 1:20:40]} 7. Nge2 {[%clk 1:11:33]} h6
{[%clk 1:11:11]} 8. O-O {[%clk 1:08:59]} O-O {[%clk 1:11:25]} 9. h3
{[%clk 1:07:47]} a6 {[%clk 1:09:59]} 10. f4 {[%clk 1:02:21]} Bb6+
{[%clk 1:04:43]} 11. Kh1 {[%clk 1:02:24]} Ng4 {[%clk 0:50:21]} 12. Qe1
{[%clk 0:58:15]} Ne3 {[%clk 0:46:48]} 13. Bxe3 {[%clk 0:58:02]} Bxe3
{[%clk 0:47:12]} 14. Nd5 {[%clk 0:51:10]} exf4 {[%clk 0:44:46]} 15. Nexf4
{[%clk 0:48:34]} Bxf4 {[%clk 0:44:09]} 16. Nxf4 {[%clk 0:47:43]} Ne5
{[%clk 0:41:50]} 17. Bb3 {[%clk 0:46:03]} Qg5 {[%clk 0:36:31]} 18. Qc3
{[%clk 0:22:37]} c6 {[%clk 0:29:30]} 19. Rf2 {[%clk 0:19:48]} Ng6
{[%clk 0:27:57]} 20. Raf1 {[%clk 0:15:05]} Nxf4 {[%clk 0:27:55]} 21. Rxf4
{[%clk 0:15:33]} Be6 {[%clk 0:27:56]} 22. Qb4 {[%clk 0:08:50]} Bxb3
{[%clk 0:26:26]} 23. Qxb3 {[%clk 0:09:19]} Qe7 {[%clk 0:26:29]} 24. Rg4
{[%clk 0:08:34]} Rab8 {[%clk 0:23:40]} 25. Rf3 {[%clk 0:08:47]} Kh8
{[%clk 0:16:40]} 26. Rfg3 Rg8 {[%clk 0:16:32]} 27. Qc3 {[%clk 0:07:29]} f6
{[%clk 0:16:14]} 28. Rg6 {[%clk 0:06:27]} Qe5 {[%clk 0:15:25]} 29. Qb3
{[%clk 0:04:29]} Qe7 {[%clk 0:12:52]} 30. Rf3 {[%clk 0:03:58]} Kh7
{[%clk 0:12:01]} 31. Rfg3 {[%clk 0:02:32]} Rbe8 {[%clk 0:11:33]} 32. R6g4
{[%clk 0:02:20]} Rb8 {[%clk 0:10:08]} 33. Rg6 {[%clk 0:01:35]} Rbd8
{[%clk 0:08:18]} 34. R6g4 {[%clk 0:01:31]} Rd7 {[%clk 0:07:41]} 35. Rf3
{[%clk 0:01:33]} d5 {[%clk 0:06:22]} 36. Qc3 {[%clk 0:01:11]} Re8
{[%clk 0:06:08]} 37. Qb3 {[%clk 0:00:51]} Qd6 {[%clk 0:05:32]} 38. Qa4
{[%clk 0:01:05]} Qe5 {[%clk 0:04:12]} 39. Qb3 {[%clk 0:01:19]} Qc7
{[%clk 0:03:19]} 40. Qa4 {[%clk 0:31:20]} b5 {[%clk 0:31:19]} 41. Qb4
{[%clk 0:28:10]} c5 {[%clk 0:29:24]} 42. Qe1 {[%clk 0:28:08]} Qe5
{[%clk 0:26:58]} 43. Qc1 {[%clk 0:26:32]} Rde7 {[%clk 0:21:19]} 44. Rgf4
{[%clk 0:23:20]} Qd6 {[%clk 0:19:49]} 45. Qe1 {[%clk 0:10:02]} dxe4
{[%clk 0:16:06]} 46. dxe4 {[%clk 0:09:57]} f5 {[%clk 0:14:53]} 47. Rxf5
{[%clk 0:08:32]} Rxe4 {[%clk 0:15:02]} 48. Qc3 {[%clk 0:01:38]} Rc4
{[%clk 0:11:07]} 49. Qd3 {[%clk 0:01:14]} Re1+ {[%clk 0:09:49]} 50. Rf1
{[%clk 0:01:14]} Qxd3 {[%clk 0:09:11]} 51. cxd3 {[%clk 0:01:41]} Rxf1+
{[%clk 0:08:46]} 52. Rxf1 {[%clk 0:01:58]} Rd4 {[%clk 0:08:11]} 53. Rf3
{[%clk 0:00:48]} Kg6 {[%clk 0:07:52]} 54. Kh2 {[%clk 0:00:55]} a5
{[%clk 0:07:53]} 55. Kg3 {[%clk 0:00:51]} b4 {[%clk 0:07:12]} 56. axb4
{[%clk 0:01:04]} Rxb4 {[%clk 0:06:59]} 57. Rf2 {[%clk 0:00:59]} Rb3
{[%clk 0:07:11]} 58. Rd2 {[%clk 0:00:41]} c4 {[%clk 0:07:27]} 59. Kf3
{[%clk 0:00:42]} cxd3 {[%clk 0:07:09]} 60. Ke3 {[%clk 0:00:51]} a4
{[%clk 0:07:05]} 61. g3 {[%clk 0:00:35]} Kf5 {[%clk 0:05:49]} 62. Kd4
{[%clk 0:00:33]} g5 {[%clk 0:05:33]} 63. Ke3 {[%clk 0:00:43]} Ke5
{[%clk 0:05:19]} 64. g4 {[%clk 0:00:45]} Kd5 {[%clk 0:04:41]} 65. Rxd3+
{[%clk 0:00:44]} Kc4 {[%clk 0:05:06]} 66. Rxb3 {[%clk 0:00:39]} Kxb3
{[%clk 0:05:11]} 67. Ke4 {[%clk 0:00:42]} Kxb2 {[%clk 0:04:40]} 68. Kf5
{[%clk 0:01:00]} Kc3 {[%clk 0:03:07]} 69. Kg6 {[%clk 0:01:14]} Kd4
{[%clk 0:03:20]} 70. Kxh6 {[%clk 0:01:24]} Ke5 {[%clk 0:03:26]} 71. Kxg5
{[%clk 0:01:51]} a3 {[%clk 0:03:46]} 72. Kh6 {[%clk 0:01:10]} a2 {[%clk 0:02:47]}
73. g5 {[%clk 0:01:30]} a1=Q {[%clk 0:02:55]} 74. g6 {[%clk 0:01:56]} Kf6
{[%clk 0:02:17]} 75. g7 {[%clk 0:01:39]} Qa8 {[%clk 0:02:34]} 76. Kh7
{[%clk 0:01:32]} Qb7 {[%clk 0:02:34]} 0-1

[Event "WCO 2016"]
[Site "?"]
[Date "2016.09.13"]
[Round "11"]
[Board "16"]
[WhiteID "13202316"]
[White "Kim Yubin"]
[BlackID "9304541"]
[Black "Wadima Humaid S H AlKalbani "]
[Result "0-1"]
[BlackElo "1606"]
[WhiteElo "1660"]
[LiveChessVersion "1.4.8"]

1. e4 {[%clk 1:30:59]} e5 {[%clk 1:30:55]} 2. Bc4 {[%clk 1:31:20]} Nf6
{[%clk 1:31:20]} 3. d3 {[%clk 1:31:40]} c6 {[%clk 1:31:26]} 4. Nc3
{[%clk 1:31:50]} d5 {[%clk 1:31:42]} 5. exd5 {[%clk 1:28:40]} cxd5
{[%clk 1:32:05]} 6. Bb3 {[%clk 1:27:38]} Bb4 {[%clk 1:31:03]} 7. Bd2
{[%clk 1:26:38]} O-O {[%clk 1:30:44]} 8. Nge2 {[%clk 1:24:30]} Nc6
{[%clk 1:31:03]} 9. O-O {[%clk 1:23:38]} d4 {[%clk 1:29:02]} 10. Ne4
{[%clk 1:20:34]} Bxd2 {[%clk 1:29:24]} 11. Qxd2 {[%clk 1:19:01]} Kh8
{[%clk 1:28:09]} 12. Nxf6 {[%clk 1:08:28]} Qxf6 {[%clk 1:28:29]} 13. Ng3
{[%clk 1:04:23]} Be6 {[%clk 1:25:16]} 14. f4 {[%clk 0:54:51]} Bxb3
{[%clk 1:24:47]} 15. axb3 {[%clk 0:50:34]} Rac8 {[%clk 1:15:05]} 16. Ne4
{[%clk 0:43:48]} Qh6 {[%clk 1:12:37]} 17. Rac1 {[%clk 0:27:45]} exf4
{[%clk 1:07:17]} 18. Qxf4 {[%clk 0:22:21]} Qxf4 {[%clk 1:01:12]} 19. Rxf4
{[%clk 0:22:46]} Nb4 {[%clk 1:01:34]} 20. Nd6 {[%clk 0:13:06]} Nxd3
{[%clk 1:01:02]} 21. Rff1 {[%clk 0:12:21]} Nxc1 {[%clk 1:00:36]} 22. Nxc8
{[%clk 0:12:40]} Ne2+ {[%clk 1:00:57]} 23. Kf2 {[%clk 0:13:07]} Rxc8
{[%clk 1:01:16]} 24. Kxe2 {[%clk 0:13:20]} Rxc2+ {[%clk 1:00:57]} 25. Kd3
{[%clk 0:13:42]} Rxg2 {[%clk 0:59:31]} 26. Rxf7 {[%clk 0:14:03]} Kg8
{[%clk 0:59:54]} 27. Rxb7 {[%clk 0:14:20]} Rxh2 {[%clk 1:00:19]} 28. Rxa7
{[%clk 0:12:02]} Rxb2 {[%clk 1:00:34]} 29. Rb7 {[%clk 0:12:05]} h5
{[%clk 1:00:16]} 30. Kxd4 {[%clk 0:11:58]} h4 {[%clk 1:00:32]} 31. Kc3
{[%clk 0:09:34]} h3 {[%clk 0:59:15]} 32. Rb8+ {[%clk 0:09:33]} Kh7
{[%clk 0:59:35]} 33. Rb4 {[%clk 0:09:41]} Rh2 {[%clk 0:55:56]} 34. Ra4
{[%clk 0:09:16]} Rh1 {[%clk 0:56:15]} 35. Ra2 {[%clk 0:07:53]} h2
{[%clk 0:55:53]} 36. Rc2 {[%clk 0:06:01]} g5 {[%clk 0:55:35]} 37. b4
{[%clk 0:06:04]} g4 {[%clk 0:56:00]} 38. b5 {[%clk 0:06:28]} g3 {[%clk 0:56:23]}
39. b6 {[%clk 0:05:19]} Rb1 {[%clk 0:56:45]} 40. Rg2 {[%clk 0:33:59]} h1=Q
{[%clk 1:26:46]} 41. Rxg3 {[%clk 0:34:26]} Qe1+ {[%clk 1:26:57]} 42. Kc2 0-1

[Event "WCO 2016"]
[Site "?"]
[Date "2016.09.13"]
[Round "11"]
[Board "13"]
[WhiteID "4801067"]
[White "Al-Rufaye Iman Hasan Mohammed"]
[BlackID "8105529"]
[Black "Aseel Odeh"]
[Result "1-0"]
[BlackElo "1547"]
[WhiteElo "2001"]
[LiveChessVersion "1.4.8"]

1. e4 {[%clk 1:30:58]} e5 {[%clk 1:30:56]} 2. Nf3 {[%clk 1:31:23]} Nc6
{[%clk 1:31:21]} 3. Bc4 {[%clk 1:31:47]} g6 {[%clk 1:31:43]} 4. d3
{[%clk 1:28:53]} Bg7 {[%clk 1:31:00]} 5. Ng5 {[%clk 1:23:12]} Nh6
{[%clk 1:30:07]} 6. h4 {[%clk 1:19:21]} Na5 {[%clk 1:27:03]} 7. Nc3
{[%clk 1:16:25]} Nxc4 {[%clk 1:20:53]} 8. dxc4 {[%clk 1:16:46]} d6
{[%clk 1:18:54]} 9. h5 {[%clk 1:02:04]} f6 {[%clk 1:08:22]} 10. Nxh7
{[%clk 0:51:23]} g5 {[%clk 0:50:37]} 11. Nxf6+ {[%clk 0:50:17]} Bxf6
{[%clk 0:47:54]} 12. Qd3 {[%clk 0:47:00]} Be6 {[%clk 0:41:03]} 13. f3
{[%clk 0:43:42]} Qe7 {[%clk 0:35:59]} 14. Be3 {[%clk 0:42:40]} b6
{[%clk 0:32:20]} 15. O-O-O {[%clk 0:35:14]} O-O-O {[%clk 0:28:00]} 16. g4
{[%clk 0:32:58]} Kb8 {[%clk 0:23:06]} 17. Nd5 {[%clk 0:32:28]} Bxd5
{[%clk 0:20:50]} 18. cxd5 {[%clk 0:32:36]} Qd7 {[%clk 0:20:12]} 19. Qc4
{[%clk 0:31:16]} Rc8 {[%clk 0:18:16]} 20. a4 {[%clk 0:30:06]} c6 {[%clk 0:17:01]}
21. b3 {[%clk 0:27:17]} Be7 {[%clk 0:12:52]} 22. Kb2 {[%clk 0:26:41]} cxd5
{[%clk 0:10:30]} 23. Qxd5 {[%clk 0:26:45]} Qc6 {[%clk 0:10:16]} 24. Qd2
{[%clk 0:26:52]} Rc7 {[%clk 0:09:18]} 25. c4 {[%clk 0:27:04]} Nf7
{[%clk 0:07:43]} 26. Ra1 {[%clk 0:23:49]} a6 {[%clk 0:06:46]} 27. Rhc1
{[%clk 0:22:12]} Rhc8 {[%clk 0:06:31]} 28. a5 {[%clk 0:18:12]} Qb7
{[%clk 0:01:23]} 29. axb6 {[%clk 0:17:35]} Rc6 {[%clk 0:01:23]} 30. Rxa6
{[%clk 0:04:27]} Qxa6 {[%clk 0:00:46]} 31. Ra1 {[%clk 0:04:50]} Qb7
{[%clk 0:00:39]} 32. Ra7 {[%clk 0:04:54]} Bd8 {[%clk 0:00:40]} 33. Rxb7+
{[%clk 0:04:53]} Kxb7 {[%clk 0:01:09]} 34. Qd5 {[%clk 0:05:09]} Bxb6
{[%clk 0:00:37]} 35. Bxb6 {[%clk 0:04:47]} Kxb6 {[%clk 0:00:39]} 36. Qxf7
{[%clk 0:05:09]} R8c7 {[%clk 0:00:45]} 37. Qg8 {[%clk 0:05:04]} Rc8
{[%clk 0:00:37]} 38. Qxg5 {[%clk 0:05:23]} Rf8 {[%clk 0:00:52]} 39. Qe3+
{[%clk 0:05:33]} Kb7 {[%clk 0:01:04]} 40. h6 {[%clk 0:35:50]} Rc7
{[%clk 0:31:24]} 41. g5 {[%clk 0:35:40]} Rcf7 {[%clk 0:31:42]} 42. g6
{[%clk 0:34:45]} Rxf3 {[%clk 0:31:46]} 43. g7 {[%clk 0:33:30]} Rf2+
{[%clk 0:30:42]} 44. Ka3 {[%clk 0:33:49]} Ra8+ {[%clk 0:30:42]} 45. Kb4
{[%clk 0:34:11]} Rf7 {[%clk 0:28:30]} 46. Qg5 {[%clk 0:34:06]} Kc6
{[%clk 0:25:21]} 47. g8=Q {[%clk 0:33:42]} Raa7 {[%clk 0:25:26]} 48. Qxf7
{[%clk 0:32:20]} Rxf7 {[%clk 0:25:54]} 49. Qg8 {[%clk 0:32:27]} Rb7+
{[%clk 0:26:11]} 50. Kc3 {[%clk 0:32:45]} d5 {[%clk 0:26:23]} 51. Qxd5+
{[%clk 0:33:05]} Kb6 {[%clk 0:26:38]} 52. Qxb7+ {[%clk 0:33:09]} Kxb7
{[%clk 0:27:04]} 53. h7 {[%clk 0:33:30]} Kc6 {[%clk 0:27:28]} 54. h8=Q
{[%clk 0:33:53]} Kb7 {[%clk 0:27:54]} 55. Qxe5 {[%clk 0:34:00]} Ka6
{[%clk 0:28:13]} 56. Qb8 {[%clk 0:33:31]} Ka5 {[%clk 0:28:38]} 57. Qb5#
{[%clk 0:33:44]} 1-0